Classifications et nosologies des troubles psychiques : Approches psychiatrique et psychanalytique (notice n° 1925406)

détails MARC
000 -LEADER
fixed length control field 01367cam a2200133 4500500
005 - DATE AND TIME OF LATEST TRANSACTION
control field 20260329023209.0
041 ## - LANGUAGE CODE
Language code of text/sound track or separate title fre
042 ## - AUTHENTICATION CODE
Authentication code dc
100 10 - MAIN ENTRY--PERSONAL NAME
Personal name Pirlot, Gérard
Relator term author
245 00 - TITLE STATEMENT
Title Classifications et nosologies des troubles psychiques : Approches psychiatrique et psychanalytique
260 ## - PUBLICATION, DISTRIBUTION, ETC.
Name of publisher, distributor, etc. Armand Colin,<br/>
Date of publication, distribution, etc. 2013.<br/>
520 ## - SUMMARY, ETC.
Summary, etc. Un outil indispensable pour tout futur clinicien qui trouvera tous les repères nécessaires pour appréhender les différentes approches taxinomiques. Il rappelle l’historique et les enjeux des classifications des maladies mentales depuis l’Antiquité à nos jours, souligne la finesse du vocabulaire sémiologique psychiatrique qui impose, outre classification, concision et précision. Enfin, il fait le point sur les évolutions de la nosologie psychanalytique tant dans ses dimensions psychiques que psychosomatiques et de ses propositions lors d’investigations cliniques. Gérard Pirlot est professeur de psychopathologie psychanalytique à l’université de Toulouse, psychanalyste, membre de la Société Psychanalytique de Paris, ancien psychiatre des Hôpitaux, et directeur du Laboratoire Cliniques Psychopathologique et Interculturelle (LCPI, Toulouse II, EA 4591).
856 41 - ELECTRONIC LOCATION AND ACCESS
Uniform Resource Identifier <a href="https://shs.cairn.info/classifications-et-nosologies-des-troubles--9782200282202?lang=fr&redirect-ssocas=7080">https://shs.cairn.info/classifications-et-nosologies-des-troubles--9782200282202?lang=fr&redirect-ssocas=7080</a>

Pas d'exemplaire disponible.

PLUDOC

PLUDOC est la plateforme unique et centralisée de gestion des bibliothèques physiques et numériques de Guinée administré par le CEDUST. Elle est la plus grande base de données de ressources documentaires pour les Étudiants, Enseignants chercheurs et Chercheurs de Guinée.

Adresse

627 919 101/664 919 101

25 boulevard du commerce
Kaloum, Conakry, Guinée

Réseaux sociaux

Powered by Netsen Group @ 2025